000
00268nam a22001217a 4500
008
170530b xxu||||| |||| 00| 0 eng d
041
_a
eng
080
_a
94
100
_a
17
101
_a
SHH
245
_a
A HISTORY OF AMERICAN PAINTING
_c
BAIGELL,M
942
_2
udc
_c
BK
999
_c
15015
_d
15015